LEADER 01145nam a2200265 4500 001 000000352116 003 CaOOAMICUS 005 20221125093901.0 008 221104s2020 it 000 u ita r 040 $aSeMil$bita 100 1 $aRavasi, Gianfranco,$c.$0(OLS)http://semarc/name/244 245 10$aInterpretare la Bibbia /$cGianfranco Ravasi. 264 1$a[Milano] :$bMondadori,$c2020. 300 $a70 p. ;$c19 cm 490 1 $aConversazioni bibliche con Gianfranco Ravasi ;$v32 500 $aVenduto in abbinamento alle testate periodiche Arnoldo Mondadori 500 $aEdizione speciale per Arnoldo Mondadori 650 4$aBibbia - Interpretazione.$0(OLS)http://semarc/subject/1295 830 0$aConversazioni bibliche con Gianfranco Ravasi ;$v32.$0(OLS)http://semarc/title/441855 850 $aSeMil 852 $aSeMil$W1$xVenegono$y1$m2Z VII 52$j235511$B243297$CSeMilBibl$Z2$F243297 $81 961 $aVitali Nicolò - Lascito 996 $6245$aInterpretare la Bibbia$9(OLS)http://semarc/title/441900 996 $6264$a[Milano] :$bMondadori$9(OLS)http://semarc/publisher/29662 LEADER 01048nam a2200265 i 4500 001 000000234430 003 CaOOAMICUS 005 20141014000000.0 008 141014s2004 it u000 u ita u 013 $a213333 020 $a88-04-52452-9 040 $aSeMil$bita 100 1 $aBoncinelli, Edoardo,$d<1941- >.$0(OLS)http://semarc/name/31992 245 13$aIl posto della scienza :$brealtà, miti, fantasmi /$cEdoardo Boncinelli. 260 $aMilano :$bArnoldo Mondadori Editore,$c2004. 300 $a177 p. ;$c23 cm. 490 0 $aSaggi 650 4$aScienza.$0(OLS)http://semarc/subject/15939 830 0$aSaggi.$0(OLS)http://semarc/title/341 850 $aSeMil 852 $aSeMil$W1$xVenegono$y1$m3X III 72$j184776$B184776$CSeMilBibl$Z2$F196343 $81 961 $aOmaggio: Altro 996 $6020$a88-04-52452-9$9(OLS)http://semarc/number/238633 996 $6245$aIl posto della scienza :$brealtà, miti, fantasmi$9(OLS)http://semarc/title/334574 996 $6260$aMilano :$bArnoldo Mondadori Editore$9(OLS)http://semarc/publisher/30056